[Event "Golden State Open"]
[Site "Concord"]
[Date "2011.01.14"]
[Round "1"]
[White "Amanov, Zhanibek"]
[Black "Chiang, Sarah"]
[Result "0-1"]
[WhiteElo "2461"]
[BlackElo "2101"]
[PlyCount "118"]
[EventDate "2011.01.??"]
[EventType "swiss"]
[EventRounds "7"]
[EventCountry "USA"]

1. e4 c6 2. d4 d5 3. Nd2 dxe4 4. Nxe4 Bf5 5. Ng3 Bg6 6. Nf3 Nd7 7. Bc4 e6 8.
O-O Ngf6 9. Qe2 Be7 10. c3 O-O 11. Nh4 c5 12. Nxg6 hxg6 13. dxc5 Bxc5 14. Bf4
Nb6 15. Bb3 Nbd5 16. Bg5 Be7 17. Rad1 Qb6 18. Qf3 Rfd8 19. h4 a5 20. Bc1 Qc5
21. Bc2 b5 22. Bd3 b4 23. c4 Nb6 24. b3 a4 25. h5 gxh5 26. Be3 Qc7 27. Nxh5
Nbd7 28. Nxf6+ Nxf6 29. Bf4 Qc5 30. Be3 Qe5 31. Bb6 Rdb8 32. Rfe1 Qb2 33. Re2
Qa3 34. c5 axb3 35. axb3 Rc8 36. Re5 Qb2 37. Rg5 Ra1 38. Rxa1 Qxa1+ 39. Kh2 Qd4
40. Qg3 Ne4 41. Rg4 f5 42. Rxe4 fxe4 43. Bc4 Qf6 44. Ba6 Ra8 45. Bb7 Ra1 46.
Qg4 Qe5+ 47. g3 Qf6 48. Bxe4 Qxf2+ 49. Bg2 Re1 50. Kh3 Re2 51. Qf3 Qxf3 52.
Bxf3 Rc2 53. c6 Bd6 54. Bd4 Rd2 55. Bb6 Rd3 56. Be2 Rxg3+ 57. Kh4 Rxb3 58. Bc4
Rc3 59. Bxe6+ Kf8 0-1

[Event "Golden State Open"]
[Site "Concord"]
[Date "2011.01.14"]
[Round "1"]
[White "Liu, Daniel"]
[Black "Lee, Andy C"]
[Result "0-1"]
[WhiteElo "2063"]
[BlackElo "2317"]
[PlyCount "122"]
[EventDate "2011.01.??"]
[EventType "swiss"]
[EventRounds "7"]
[EventCountry "USA"]

1. e4 e5 2. Nf3 Nc6 3. Bb5 a6 4. Ba4 Nf6 5. O-O b5 6. Bb3 Bc5 7. c3 d6 8. d4
Bb6 9. a4 Rb8 10. a5 Ba7 11. h3 O-O 12. Be3 Ra8 13. Nbd2 Bb7 14. Re1 Re8 15.
Qc2 h6 16. d5 Ne7 17. c4 Bxe3 18. Rxe3 c6 19. dxc6 Nxc6 20. cxb5 axb5 21. Qd3
Nxa5 22. Qxb5 Nxb3 23. Rxa8 Qxa8 24. Rxb3 Bxe4 25. Nxe4 Qxe4 26. Re3 Qa8 27.
Ra3 Qb8 28. Rb3 Qxb5 29. Rxb5 Kf8 30. Rb7 Rd8 31. Kf1 Nd7 32. b4 Ke7 33. Ke2
Rb8 34. Rxb8 Nxb8 35. Kd3 Kd7 36. b5 Kc7 37. Kc4 Nd7 38. Nd2 Nb6+ 39. Kb4 f5
40. f3 Nd7 41. Nc4 f4 42. h4 d5 43. Nb2 g5 44. hxg5 hxg5 45. Nd1 Kd6 46. Nf2
Nc5 47. Nh3 Ne6 48. Nf2 Kc7 49. Nd1 Kd6 50. Nf2 Nf8 51. Nh3 Nh7 52. Ka5 e4 53.
fxe4 dxe4 54. b6 f3 55. gxf3 exf3 56. Ka6 Nf6 57. b7 Kc7 58. Ka7 Nd7 59. Nf2
Kc6 60. Ng4 Kc5 61. Ne5 Nxe5 0-1

[Event "Golden State Open"]
[Site "Concord"]
[Date "2011.01.14"]
[Round "1"]
[White "Sandberg, Evan"]
[Black "Stocek, Jiri"]
[Result "0-1"]
[WhiteElo "2191"]
[BlackElo "2537"]
[PlyCount "62"]
[EventDate "2011.01.??"]
[EventType "swiss"]
[EventRounds "7"]
[EventCountry "USA"]

1. e4 e6 2. d4 d5 3. Nd2 Be7 4. Ngf3 Nf6 5. e5 Nfd7 6. Bd3 c5 7. c3 Nc6 8. O-O
g5 9. dxc5 g4 10. Nd4 Ndxe5 11. Bb5 Bd7 12. Re1 h5 13. N2b3 Ng6 14. Nxc6 Bxc6
15. Bd3 Nh4 16. Nd4 Bxc5 17. b4 Bd6 18. b5 Bd7 19. g3 Rg8 20. gxh4 Qxh4 21. Nf5
Qxh2+ 22. Kf1 Qh3+ 23. Ke2 exf5 24. Kd2+ Be6 25. Bxf5 d4 26. Bb2 O-O-O 27. Rxe6
fxe6 28. Bxe6+ Kb8 29. Bxg8 dxc3+ 30. Kc2 cxb2 31. Rb1 Rc8+ 0-1

[Event "Golden State Open"]
[Site "Concord"]
[Date "2011.01.14"]
[Round "1"]
[White "Seitzer, Phillip M"]
[Black "De Guzman, Ricardo"]
[Result "0-1"]
[WhiteElo "2107"]
[BlackElo "2449"]
[PlyCount "64"]
[EventDate "2011.01.??"]
[EventType "swiss"]
[EventRounds "7"]
[EventCountry "USA"]

1. e4 c5 2. Nf3 e6 3. d4 cxd4 4. Nxd4 a6 5. Nc3 Qc7 6. Bd3 Nf6 7. O-O Bc5 8.
Nb3 Ba7 9. a4 h5 10. Kh1 Ng4 11. f4 Qb6 12. h3 Nf2+ 13. Rxf2 Qxf2 14. e5 d5 15.
exd6 f5 16. Be2 Bd7 17. Bxh5+ Kf8 18. Bf3 Bc6 19. Bxc6 Nxc6 20. Bd2 Qg3 21. Qf1
Kf7 22. Ne2 Qg4 23. Bc3 Rad8 24. Rd1 Qh4 25. Ned4 Nxd4 26. Bxd4 Bxd4 27. Rxd4
g5 28. Qc4 Qe1+ 29. Kh2 g4 30. Qc3 Rxh3+ 31. gxh3 Qf2+ 32. Kh1 g3 0-1

[Event "Golden State Open"]
[Site "Concord"]
[Date "2011.01.15"]
[Round "2"]
[White "Applebaum, Andy"]
[Black "Haring, Ruth"]
[Result "0-1"]
[WhiteElo "2152"]
[BlackElo "1955"]
[PlyCount "86"]
[EventDate "2011.01.??"]
[EventType "swiss"]
[EventRounds "7"]
[EventCountry "USA"]

1. e4 e5 2. Nf3 Nc6 3. Bb5 a6 4. Ba4 d6 5. O-O Bd7 6. c3 Nf6 7. Re1 g6 8. d4
Bg7 9. Bg5 Qe7 10. dxe5 dxe5 11. c4 Nb8 12. Nc3 c6 13. c5 O-O 14. b4 a5 15. a3
Na6 16. Rb1 Bg4 17. h3 Rfd8 18. Qe2 Bxf3 19. Qxf3 axb4 20. axb4 Rd4 21. b5 Nxc5
22. bxc6 Nxa4 23. cxb7 Rb8 24. Nd5 Rxd5 25. exd5 Qd6 26. Rec1 Nc5 27. Bxf6 Bxf6
28. Qa3 Rxb7 29. Qa8+ Qf8 30. Ra1 Rb8 31. Qc6 Be7 32. Ra7 Rc8 33. Qb6 Bd6 34.
Rd1 Qd8 35. Qb5 Rb8 36. Qc6 Kg7 37. Rc1 Nd3 38. Rd1 Nf4 39. Rd7 Qg5 40. g3
Nxh3+ 41. Kg2 Nf4+ 42. Kg1 Qg4 43. Rf1 Rb3 0-1

[Event "Golden State Open"]
[Site "Concord"]
[Date "2011.01.15"]
[Round "2"]
[White "Chiang, Sarah"]
[Black "Formanek, Edward W"]
[Result "0-1"]
[WhiteElo "2101"]
[BlackElo "2278"]
[PlyCount "78"]
[EventDate "2011.01.??"]
[EventType "swiss"]
[EventRounds "7"]
[EventCountry "USA"]

1. d4 e6 2. c4 d5 3. Nc3 Be7 4. Nf3 c6 5. e3 f5 6. Bd3 Nf6 7. O-O O-O 8. Ne5
Ne4 9. f3 Nxc3 10. bxc3 Nd7 11. f4 Nxe5 12. fxe5 b6 13. Qb3 Ba6 14. Qa4 Qc8 15.
Rd1 Rd8 16. Bb2 Qb7 17. cxd5 Bxd3 18. Rxd3 cxd5 19. c4 Rac8 20. cxd5 b5 21. Qb3
Qxd5 22. Qxd5 Rxd5 23. Rc1 Rxc1+ 24. Bxc1 b4 25. Rd2 Kf7 26. Rc2 Ke8 27. Rc6
Ra5 28. Rxe6 Kd7 29. Rxe7+ Kxe7 30. Bd2 Rxa2 31. Bxb4+ Ke6 32. Bf8 g6 33. h4 a5
34. Kh2 Re2 35. Bc5 a4 36. Kg1 Kd5 37. Kf1 Rxe3 38. Kf2 Rxe5 39. Kf3 Re4 0-1

[Event "Golden State Open"]
[Site "Concord"]
[Date "2011.01.15"]
[Round "2"]
[White "De Guzman, Ricardo"]
[Black "Sevillano, Enrico"]
[Result "1/2-1/2"]
[WhiteElo "2449"]
[BlackElo "2579"]
[PlyCount "97"]
[EventDate "2011.01.??"]
[EventType "swiss"]
[EventRounds "7"]
[EventCountry "USA"]

1. d4 d6 2. Nf3 Bg4 3. Nbd2 Nd7 4. g3 c6 5. Bg2 g6 6. O-O Bg7 7. c3 Ngf6 8. e4
O-O 9. Re1 Qc7 10. h3 Bxf3 11. Nxf3 e5 12. a4 Rfe8 13. dxe5 dxe5 14. a5 Nc5 15.
Qc2 Red8 16. Bf1 b5 17. axb6 axb6 18. Rxa8 Rxa8 19. b4 Ne6 20. Bc4 Re8 21. Be3
h6 22. Ra1 c5 23. b5 Kh7 24. Bxe6 Rxe6 25. Nd2 Ne8 26. Ra6 Qd7 27. c4 Rd6 28.
Kg2 Bf6 29. h4 Ng7 30. Nb1 Bxh4 31. Nc3 Bd8 32. Nd5 Nh5 33. Qc3 Qe6 34. Ra7 Nf6
35. f3 Nxd5 36. exd5 Qe8 37. Qd3 Rd7 38. Ra8 Qe7 39. Qd2 e4 40. f4 Qf6 41. Qc2
Qf5 42. Bc1 Bf6 43. Rb8 Rd6 44. Re8 Rd8 45. Rxe4 Re8 46. Re2 Bd4 47. Qd2 Re4
48. Qc2 Re8 49. Qd2 1/2-1/2

[Event "Golden State Open"]
[Site "Concord"]
[Date "2011.01.15"]
[Round "2"]
[White "Lee, Andy C"]
[Black "Pabon, Tony"]
[Result "1-0"]
[WhiteElo "2317"]
[BlackElo "1800"]
[PlyCount "29"]
[EventDate "2011.01.??"]
[EventType "swiss"]
[EventRounds "7"]
[EventCountry "USA"]

1. e4 c5 2. Nf3 d6 3. c3 Nc6 4. d4 cxd4 5. cxd4 Nf6 6. Nc3 a6 7. h3 e6 8. Bd3
Be7 9. O-O O-O 10. Qe2 e5 11. dxe5 dxe5 12. Rd1 Nd4 13. Nxd4 exd4 14. e5 Nd5
15. Qe4 1-0

[Event "Golden State Open"]
[Site "Concord"]
[Date "2011.01.15"]
[Round "2"]
[White "Pupols, Viktors"]
[Black "Liou, Yian"]
[Result "1/2-1/2"]
[WhiteElo "2200"]
[BlackElo "2342"]
[PlyCount "80"]
[EventDate "2011.01.??"]
[EventType "swiss"]
[EventRounds "7"]
[EventCountry "USA"]

1. d4 d5 2. Nf3 Nf6 3. c3 c6 4. e3 Bg4 5. Nbd2 Nbd7 6. Bd3 e5 7. dxe5 Nxe5 8.
Be2 Nxf3+ 9. Nxf3 Bd6 10. b3 Qe7 11. Nd4 Bd7 12. Bb2 Ne4 13. Bg4 Be5 14. Bxd7+
Qxd7 15. Nf3 Bf6 16. Qe2 Qe7 17. O-O O-O 18. Rac1 Nd6 19. Ba3 Rfd8 20. c4 dxc4
21. Bxd6 Rxd6 22. Qxc4 Rad8 23. Qe2 Qe4 24. Rfd1 h6 25. Rxd6 Rxd6 26. Rd1 Rxd1+
27. Qxd1 c5 28. Ne1 b5 29. Qd3 Qc6 30. Kf1 a5 31. Ke2 a4 32. bxa4 c4 33. Qa3
bxa4 34. Qb4 c3 35. Qb8+ Kh7 36. Qb1+ g6 37. Qd3 Qe6 38. Qc2 Qc4+ 39. Nd3 Kg7
40. h3 h5 1/2-1/2

[Event "Golden State Open"]
[Site "Concord"]
[Date "2011.01.15"]
[Round "2"]
[White "Steinfl, Alessandro"]
[Black "Bojkov, Dejan"]
[Result "1-0"]
[WhiteElo "2243"]
[BlackElo "2644"]
[PlyCount "75"]
[EventDate "2011.01.??"]
[EventType "swiss"]
[EventRounds "7"]
[EventCountry "USA"]

1. d4 Nf6 2. c4 g6 3. Nc3 Bg7 4. e4 d6 5. f4 O-O 6. Nf3 Na6 7. Bd3 Bg4 8. O-O
Nd7 9. Be3 e5 10. fxe5 c5 11. Be2 Bxf3 12. gxf3 cxd4 13. Qxd4 Bxe5 14. Qd2 Nac5
15. Rad1 Qb6 16. Nb5 a6 17. Nd4 a5 18. Nb5 Nf6 19. f4 Nfxe4 20. Qc2 Rae8 21.
fxe5 Rxe5 22. Bf3 Qd8 23. Bf4 Re6 24. Nd4 Re7 25. Qg2 Qb6 26. Kh1 Rfe8 27. Nf5
Re6 28. Nh6+ Kg7 29. b3 Rf6 30. Bc1 a4 31. Ng4 Rfe6 32. Bb2+ Kf8 33. Bd4 axb3
34. Bxe4 Rxe4 35. Nf6 Rxd4 36. Rxd4 b2 37. Rdd1 Ra8 38. Qf2 1-0

[Event "Golden State Open"]
[Site "Concord"]
[Date "2011.01.15"]
[Round "2"]
[White "Stopa, Jacek"]
[Black "Lehman, Clarence"]
[Result "1-0"]
[WhiteElo "2537"]
[BlackElo "1919"]
[PlyCount "67"]
[EventDate "2011.01.??"]
[EventType "swiss"]
[EventRounds "7"]
[EventCountry "USA"]

1. e4 e5 2. Nf3 Nc6 3. Bc4 Nf6 4. d3 Be7 5. O-O O-O 6. Re1 d6 7. a4 Be6 8. Nbd2
Qd7 9. c3 Rae8 10. b4 Bxc4 11. Nxc4 Nd8 12. Qb3 Ne6 13. Ra2 c6 14. a5 h6 15.
Be3 Ra8 16. h3 g5 17. Bc1 Qc7 18. Ne3 Ng7 19. d4 Kh7 20. Qb1 b6 21. Bb2 Rae8
22. c4 Bd8 23. axb6 axb6 24. dxe5 dxe5 25. Qa1 Nxe4 26. Ra7 Qd6 27. Qb1 Qg6 28.
Nxe5 Rxe5 29. Bxe5 Re8 30. Ba1 Ne6 31. Ng4 Nc7 32. Rxc7 Bxc7 33. Rxe4 Rxe4 34.
Nf6+ 1-0

[Event "Golden State Open"]
[Site "Concord"]
[Date "2011.01.15"]
[Round "3"]
[White "Amanov, Zhanibek"]
[Black "Haring, Ruth"]
[Result "1-0"]
[WhiteElo "2461"]
[BlackElo "1955"]
[PlyCount "81"]
[EventDate "2011.01.??"]
[EventType "swiss"]
[EventRounds "7"]
[EventCountry "USA"]

1. e4 e5 2. Nf3 Nc6 3. Bb5 a6 4. Ba4 d6 5. O-O Bd7 6. d4 b5 7. Bb3 Nxd4 8. Nxd4
exd4 9. c3 dxc3 10. Qh5 g6 11. Qd5 Be6 12. Qc6+ Bd7 13. Qxc3 f6 14. f4 Bg7 15.
e5 f5 16. Qf3 Ne7 17. exd6 cxd6 18. Re1 Rc8 19. Nc3 Bxc3 20. bxc3 Bc6 21. Qd3
Be4 22. Qd4 Rf8 23. a4 Nc6 24. Qf2 d5 25. axb5 axb5 26. Ba3 Rf7 27. Qc5 Re7 28.
Qxb5 Re6 29. Rxe4 fxe4 30. Bxd5 Rf6 31. Re1 Qd7 32. Rxe4+ Kd8 33. Qb6+ Qc7 34.
Be7+ Nxe7 35. Qxf6 Qc5+ 36. Rd4 Kc7 37. Be4 Nf5 38. Qf7+ Kb6 39. Qb7+ Ka5 40.
Qb4+ Ka6 41. Bb7+ 1-0

[Event "Golden State Open"]
[Site "Concord"]
[Date "2011.01.15"]
[Round "3"]
[White "Anderson, Michael"]
[Black "Perepelitsky, Philipp"]
[Result "0-1"]
[WhiteElo "1907"]
[BlackElo "2132"]
[PlyCount "48"]
[EventDate "2011.01.??"]
[EventType "swiss"]
[EventRounds "7"]
[EventCountry "USA"]

1. e4 d6 2. d4 Nf6 3. Nc3 g6 4. Nf3 Bg7 5. Be2 O-O 6. O-O Bg4 7. h3 Bxf3 8.
Bxf3 Nc6 9. d5 Ne5 10. Be2 c6 11. Be3 Qa5 12. a3 Rfc8 13. f4 Ned7 14. g4 cxd5
15. exd5 Rxc3 16. bxc3 Nxd5 17. Bd4 Nxc3 18. Bxc3 Qxc3 19. Rb1 Qg3+ 20. Kh1
Qxh3+ 21. Kg1 Nc5 22. Bf3 Ne6 23. Rb4 Qg3+ 24. Bg2 Bd4+ 0-1

[Event "Golden State Open"]
[Site "Concord"]
[Date "2011.01.15"]
[Round "3"]
[White "Bojkov, Dejan"]
[Black "Chan, Julian"]
[Result "1-0"]
[WhiteElo "2644"]
[BlackElo "2141"]
[PlyCount "99"]
[EventDate "2011.01.??"]
[EventType "swiss"]
[EventRounds "7"]
[EventCountry "USA"]

1. e4 e6 2. d3 d5 3. Nd2 Nf6 4. Ngf3 Bc5 5. e5 Nfd7 6. d4 Be7 7. c3 c5 8. Bd3
Nc6 9. b3 a5 10. a4 cxd4 11. cxd4 Nb4 12. Bb5 O-O 13. O-O Nb8 14. Ba3 N8c6 15.
Rc1 Qb6 16. Nb1 Rd8 17. Qd2 Bd7 18. Rc3 Na7 19. Bd3 Rac8 20. h4 Rxc3 21. Nxc3
Rc8 22. Bb1 Qd8 23. Ng5 g6 24. Ne2 b5 25. axb5 Bxb5 26. Re1 Bxe2 27. Rxe2 Nb5
28. Bb2 Nc7 29. Qf4 Qf8 30. Re3 Ne8 31. Rf3 Bxg5 32. Qxg5 Ng7 33. g4 Qd8 34.
Qf4 Rc7 35. h5 Qh4 36. hxg6 hxg6 37. Kg2 g5 38. Qf6 Nc6 39. Rh3 Qxg4+ 40. Rg3
Qf4 41. Rxg5 Qxf6 42. exf6 Rb7 43. Rxg7+ Kh8 44. Rg3 a4 45. Rh3+ Kg8 46. Bh7+
Kh8 47. Bc2+ Kg8 48. Ba3 axb3 49. Bh7+ Kh8 50. Bf8 1-0

[Event "Golden State Open"]
[Site "Concord"]
[Date "2011.01.15"]
[Round "3"]
[White "Gaffagan, Steven"]
[Black "Krishnan, Varun"]
[Result "0-1"]
[WhiteElo "2065"]
[BlackElo "2193"]
[PlyCount "90"]
[EventDate "2011.01.??"]
[EventType "swiss"]
[EventRounds "7"]
[EventCountry "USA"]

1. e4 c5 2. Nf3 Nc6 3. Bb5 d6 4. O-O Bd7 5. c3 Nf6 6. Re1 a6 7. Ba4 g6 8. d4
cxd4 9. cxd4 Bg7 10. Nc3 O-O 11. h3 b5 12. Bb3 e5 13. dxe5 dxe5 14. Bg5 Qc8 15.
Bxf6 Bxf6 16. Nd5 Bd8 17. Rc1 Qb7 18. Qd2 Be6 19. Qh6 f6 20. Re3 Na5 21. Rc7
Bxc7 22. Ne7+ Kf7 23. Qxh7+ Ke8 24. Bxe6 Bd6 25. Bd5 Qxe7 26. Qxg6+ Kd7 27.
Bxa8 Rxa8 28. Nh4 Qe6 29. Nf5 Kc6 30. Rc3+ Kb6 31. Ne3 Rf8 32. Nd5+ Kb7 33. Qh6
Nc6 34. Rf3 Be7 35. Rg3 Rf7 36. Rg8 Nd4 37. Qh8 Bd6 38. Rd8 f5 39. Re8 Qd7 40.
Rd8 Qc6 41. Qg8 Rd7 42. Qe8 Rxd8 43. Qxd8 fxe4 44. Nc3 Bc7 45. Qd5 Ne2+ 0-1

[Event "Golden State Open"]
[Site "Concord"]
[Date "2011.01.15"]
[Round "3"]
[White "Lee, Andy C"]
[Black "Paragua, Mark"]
[Result "0-1"]
[WhiteElo "2317"]
[BlackElo "2641"]
[PlyCount "54"]
[EventDate "2011.01.??"]
[EventType "swiss"]
[EventRounds "7"]
[EventCountry "USA"]

1. e4 c5 2. Nf3 d6 3. c3 Nf6 4. h3 Nc6 5. Bd3 d5 6. e5 Nd7 7. Bb5 e6 8. O-O Qc7
9. d4 a6 10. Ba4 h6 11. a3 b5 12. Bc2 a5 13. Be3 Ba6 14. dxc5 Bxc5 15. Bxc5
Nxc5 16. b4 Ne4 17. Qe2 Bb7 18. Rc1 O-O 19. Nbd2 Nxd2 20. Qxd2 Nxe5 21. Nxe5
Qxe5 22. Qd3 Rfc8 23. Qxb5 Ba6 24. Qxa5 Be2 25. Qb6 Rxc3 26. Bd1 Rac8 27. Rcb1
Bd3 0-1

[Event "Golden State Open"]
[Site "Concord"]
[Date "2011.01.15"]
[Round "3"]
[White "Lehman, Clarence"]
[Black "Chen, Howard"]
[Result "1/2-1/2"]
[WhiteElo "1919"]
[BlackElo "2323"]
[PlyCount "87"]
[EventDate "2011.01.??"]
[EventType "swiss"]
[EventRounds "7"]
[EventCountry "USA"]

1. e4 c5 2. Nf3 d6 3. d4 cxd4 4. Nxd4 Nf6 5. Nc3 e6 6. g4 h6 7. h4 Be7 8. Be3
Nc6 9. Be2 a6 10. Rg1 d5 11. g5 hxg5 12. hxg5 Nxe4 13. Nxc6 bxc6 14. Nxe4 dxe4
15. Qxd8+ Bxd8 16. O-O-O Rb8 17. Rg4 Rb4 18. a3 Ra4 19. Bf3 e5 20. Rxe4 Rxe4
21. Bxe4 Bd7 22. Rh1 Rxh1+ 23. Bxh1 Ke7 24. Bg2 Kd6 25. c4 Be6 26. b3 Kd7 27.
Kc2 Bc7 28. Kc3 f5 29. gxf6 gxf6 30. b4 f5 31. a4 f4 32. Ba7 Bf5 33. c5 e4 34.
Kd4 Ke6 35. Bxe4 Be5+ 36. Kd3 Bxe4+ 37. Kxe4 Bc3 38. Kxf4 Kd5 39. Kf5 Bxb4 40.
f4 Bd2 41. Bb6 Be3 42. Ba7 Bd2 43. Bb6 Be3 44. Ba7 1/2-1/2

[Event "Golden State Open"]
[Site "Concord"]
[Date "2011.01.15"]
[Round "3"]
[White "Liou, Yian"]
[Black "Sevian, Samuel"]
[Result "1/2-1/2"]
[WhiteElo "2342"]
[BlackElo "2157"]
[PlyCount "108"]
[EventDate "2011.01.??"]
[EventType "swiss"]
[EventRounds "7"]
[EventCountry "USA"]

1. e4 e5 2. Nf3 Nc6 3. Bb5 a6 4. Ba4 Nf6 5. O-O Be7 6. d4 exd4 7. e5 Ne4 8.
Nxd4 Nxd4 9. Qxd4 Nc5 10. Nc3 Nxa4 11. Qxa4 O-O 12. Bf4 Rb8 13. Rad1 b5 14. Qa5
c6 15. Qxd8 Rxd8 16. Ne4 Rb7 17. c3 a5 18. Be3 f6 19. f4 d5 20. exd6 Bf8 21. f5
Re8 22. Nc5 Rxe3 23. Ne6 Bxe6 24. fxe6 Rxe6 25. d7 Rxd7 26. Rxd7 Re3 27. Rd2
Bc5 28. Kh1 Kf7 29. g3 Kg6 30. Kg2 h5 31. Rfd1 h4 32. Rf1 hxg3 33. hxg3 Kg5 34.
a3 a4 35. Rff2 Re1 36. Rfe2 Rg1+ 37. Kh2 Rf1 38. Rd7 g6 39. Rc7 Bd6 40. Rxc6
Rd1 41. Rb6 Rd5 42. Kh3 Be5 43. Re3 Kf5 44. Re2 Kg5 45. Rc6 Rd3 46. Rg2 Rd1 47.
Kh2 Kg4 48. c4 Rd8 49. cxb5 Rh8+ 50. Kg1 Bd4+ 51. Kf1 Kf3 52. Rxf6+ Bxf6 53.
Rf2+ Kxg3 54. Rxf6 g5 1/2-1/2

[Event "Golden State Open"]
[Site "Concord"]
[Date "2011.01.15"]
[Round "3"]
[White "Liu, Daniel"]
[Black "Applebaum, Andy"]
[Result "1-0"]
[WhiteElo "2063"]
[BlackElo "2152"]
[PlyCount "107"]
[EventDate "2011.01.??"]
[EventType "swiss"]
[EventRounds "7"]
[EventCountry "USA"]

1. e4 e5 2. Nf3 Nc6 3. Bb5 a6 4. Ba4 Nf6 5. O-O b5 6. Bb3 Be7 7. Re1 O-O 8. h3
Bb7 9. d3 d6 10. a3 Nb8 11. Nbd2 Nbd7 12. Nf1 h6 13. Ng3 Re8 14. Nf5 Bf8 15.
Nh2 d5 16. Qf3 c5 17. exd5 e4 18. dxe4 c4 19. Ba2 Bxd5 20. Bg5 Bxe4 21. Rxe4
Rxe4 22. Qxe4 Nxe4 23. Bxd8 Rxd8 24. Rd1 Nec5 25. Nf3 Re8 26. Kf1 Nf6 27. N5d4
Na4 28. b3 Nc3 29. Ra1 Bxa3 30. bxc4 Bb2 31. Re1 Rxe1+ 32. Kxe1 Nxa2 33. cxb5
axb5 34. Nxb5 Nb4 35. c3 Ne4 36. cxb4 f5 37. Nd2 Nxd2 38. Kxd2 Be5 39. Kd3 Kf7
40. Nd4 Kf6 41. b5 Bc7 42. Ne2 Kg5 43. Nc3 Bb8 44. Nd5 Bd6 45. b6 Kh4 46. b7
Bb8 47. Nb4 f4 48. Ke2 g5 49. Nc6 Bc7 50. Kf3 h5 51. b8=Q g4+ 52. hxg4 hxg4+
53. Ke4 Bxb8 54. Nxb8 1-0

[Event "Golden State Open"]
[Site "Concord"]
[Date "2011.01.15"]
[Round "3"]
[White "Sandberg, Evan"]
[Black "Zhu, Jack"]
[Result "1/2-1/2"]
[WhiteElo "2191"]
[BlackElo "2122"]
[PlyCount "94"]
[EventDate "2011.01.??"]
[EventType "swiss"]
[EventRounds "7"]
[EventCountry "USA"]

1. e4 e6 2. d4 d5 3. Nc3 Nf6 4. Bg5 dxe4 5. Nxe4 Nbd7 6. Nf3 h6 7. Bxf6 Nxf6 8.
Nxf6+ Qxf6 9. Bd3 Bd6 10. Qe2 Bd7 11. O-O O-O-O 12. Ne5 Rhe8 13. Qe4 c6 14. a3
Qe7 15. b4 f6 16. Nf3 Bc7 17. Rfe1 g5 18. c4 Rg8 19. c5 Qf7 20. Bc4 g4 21. Nh4
Qh5 22. g3 Rge8 23. Qg6 Qg5 24. Qxg5 hxg5 25. Ng2 e5 26. d5 cxd5 27. Bxd5 f5
28. Bc4 f4 29. Rad1 Bf5 30. Bb5 Rxd1 31. Rxd1 Rd8 32. Rxd8+ Kxd8 33. Bc4 Be4
34. Be6 Bf3 35. Ne1 Bd1 36. gxf4 gxf4 37. h3 gxh3 38. f3 Ba4 39. Bxh3 Bc6 40.
Kf2 Ke7 41. Bf5 a6 42. Be4 Kd7 43. Bf5+ Ke7 44. Be4 Ke6 45. Ke2 Bd8 46. Kd3 Bh4
47. Nc2 Bd5 1/2-1/2

[Event "Golden State Open"]
[Site "Concord"]
[Date "2011.01.16"]
[Round "4"]
[White "Haring, Ruth"]
[Black "Chiang, Jonathan"]
[Result "1/2-1/2"]
[WhiteElo "1955"]
[BlackElo "2091"]
[PlyCount "82"]
[EventDate "2011.01.??"]
[EventType "swiss"]
[EventRounds "7"]
[EventCountry "USA"]

1. e4 c5 2. Nc3 Nc6 3. f4 d6 4. Nf3 Nf6 5. Bb5 Bd7 6. d4 cxd4 7. Nxd4 g6 8.
Nxc6 Bxc6 9. Bxc6+ bxc6 10. O-O Bg7 11. Qf3 O-O 12. Be3 e6 13. Rad1 Qc7 14. Kh1
d5 15. Bc5 Rfd8 16. e5 Nd7 17. Bd6 Qb6 18. Na4 Qa5 19. b3 Bf8 20. Bxf8 Nxf8 21.
Qf2 Nd7 22. Rd3 Rac8 23. Rh3 c5 24. Qh4 Nf8 25. Qg3 c4 26. Nc3 cxb3 27. cxb3
Rc6 28. Qe1 Rdc8 29. Ne4 Qxe1 30. Nf6+ Kg7 31. Rxe1 Rc2 32. a4 Rb2 33. Rg3 Rb8
34. h4 R2xb3 35. Ne8+ Kh8 36. Rxb3 Rxb3 37. Nd6 Rb4 38. Rc1 Rxf4 39. g3 Rxa4
40. Nxf7+ Kg8 41. Rc7 h5 1/2-1/2

[Event "Golden State Open"]
[Site "Concord"]
[Date "2011.01.16"]
[Round "4"]
[White "King, Alexander"]
[Black "Adachi, Steve"]
[Result "1-0"]
[WhiteElo "2127"]
[BlackElo "1987"]
[PlyCount "39"]
[EventDate "2011.01.??"]
[EventType "swiss"]
[EventRounds "7"]
[EventCountry "USA"]

1. d4 Nf6 2. c4 g6 3. g3 Bg7 4. Bg2 d6 5. Nf3 O-O 6. O-O Nc6 7. Nc3 a6 8. h3
Rb8 9. e4 e5 10. dxe5 dxe5 11. Qxd8 Rxd8 12. b3 b5 13. cxb5 axb5 14. Re1 b4 15.
Na4 Nxe4 16. Rxe4 f5 17. Rxe5 Bb7 18. Bb2 Bxe5 19. Nxe5 Re8 20. Nd7 1-0

[Event "Golden State Open"]
[Site "Concord"]
[Date "2011.01.16"]
[Round "4"]
[White "Sevian, Samuel"]
[Black "Bojkov, Dejan"]
[Result "0-1"]
[WhiteElo "2157"]
[BlackElo "2644"]
[PlyCount "72"]
[EventDate "2011.01.??"]
[EventType "swiss"]
[EventRounds "7"]
[EventCountry "USA"]

1. e4 e5 2. Nf3 Nc6 3. Bb5 a6 4. Ba4 Nf6 5. O-O Be7 6. Re1 b5 7. Bb3 d6 8. h3
Na5 9. d3 O-O 10. Nbd2 h6 11. Nf1 Re8 12. Ng3 Bf8 13. c4 Be6 14. Bd2 Nxb3 15.
axb3 c6 16. d4 bxc4 17. dxe5 dxe5 18. Nxe5 cxb3 19. Nxc6 Qb6 20. Rc1 a5 21. Be3
Qb7 22. Nd4 a4 23. Nxe6 Rxe6 24. f3 g6 25. Qd3 Nd7 26. Ne2 a3 27. Nd4 axb2 28.
Rb1 Nc5 29. Qe2 Rb6 30. Red1 Na4 31. Rd3 Rc8 32. Qe1 Qa6 33. Rdd1 Nc3 34. Rxb2
Nxd1 35. Qxd1 Rc3 36. Qd2 Rxe3 0-1

[Event "Golden State Open"]
[Site "Concord"]
[Date "2011.01.16"]
[Round "4"]
[White "Shin, Kyle"]
[Black "Sandberg, Evan"]
[Result "1/2-1/2"]
[WhiteElo "2052"]
[BlackElo "2191"]
[PlyCount "52"]
[EventDate "2011.01.??"]
[EventType "swiss"]
[EventRounds "7"]
[EventCountry "USA"]

1. e4 c5 2. Nf3 Nc6 3. Bb5 Nf6 4. Nc3 Qc7 5. O-O Nd4 6. Re1 a6 7. Bf1 Ng4 8. g3
Nxf3+ 9. Qxf3 Ne5 10. Qg2 d6 11. f4 Nc6 12. Nd5 Qd8 13. b3 e6 14. Ne3 Bd7 15.
Bb2 Qc7 16. f5 O-O-O 17. a4 h5 18. fxe6 fxe6 19. h3 Be7 20. Nc4 Na5 21. d4 Nxc4
22. Bxc4 cxd4 23. Bxd4 Bf6 24. c3 Bxd4+ 25. cxd4 Qb6 26. Rad1 Kb8 1/2-1/2

[Event "Golden State Open"]
[Site "Concord"]
[Date "2011.01.16"]
[Round "4"]
[White "Stopa, Jacek"]
[Black "Sevillano, Enrico"]
[Result "0-1"]
[WhiteElo "2537"]
[BlackElo "2579"]
[PlyCount "60"]
[EventDate "2011.01.??"]
[EventType "swiss"]
[EventRounds "7"]
[EventCountry "USA"]

1. e4 e6 2. d4 d5 3. Nc3 Bb4 4. e5 c5 5. a3 Bxc3+ 6. bxc3 Ne7 7. h4 Qc7 8. Nf3
Bd7 9. h5 h6 10. Rh4 Nbc6 11. Rg4 g5 12. hxg6 fxg6 13. Rh4 Qa5 14. Bd2 O-O-O
15. c4 Qc7 16. Rxh6 Nxd4 17. Nxd4 cxd4 18. Qe2 dxc4 19. Qxc4 Nc6 20. Rxg6 Qxe5+
21. Qe2 Qc5 22. Rg5 e5 23. Qe4 Rh1 24. g3 Rdh8 25. Rb1 Qc4 26. Qd3 Qxd3 27.
cxd3 Rxf1+ 28. Kxf1 Rh1+ 29. Kg2 Rxb1 30. Rg8+ Kc7 0-1